000
00176nam a22000977a 4500
041
_a
eng
080
_a
80
100
_a
Horbatsch, Olexa
245
_a
Adelphotes.
999
_c
280497
_d
280497
942
_c
BK